| 000 | 00412nam a2200157 i 4500 | ||
|---|---|---|---|
| 001 | bg | ||
| 100 | 1 | _aPOREPECZKO, Andrzej | |
| 245 | 0 |
_aOkrętowe urządzenia sterowe / _cA. Porepeczko. |
|
| 260 |
_aGdańsk, _c1983. |
||
| 490 | 1 |
_aMaszyny i Siłownie Okrętowe ; _v10 |
|
| 830 | _aMaszyny i Siłownie Okrętowe ; | ||
| 040 | _cBPK | ||
| 041 | _apol | ||
| 942 | _cKS | ||
| 008 | s pl f |000 0 pol | ||
| 999 |
_c2367 _d2367 |
||
| 856 |
_uhttp://koha.tu.koszalin.pl/cgi-bin/koha/opac-detail.pl?biblionumber=2367 _yKatalog online BPK |
||